Least LGBTQ+ Supportive Countries 2025 - Statistics

General Stats
  • This quiz has been taken 108 times
  • The average score is 16 of 23
Answer Stats
Country Gay Travel Index % Correct
Iran -21
95%
Iraq -14
93%
Saudi Arabia -21
91%
Afghanistan -21
88%
United Arab Emirates -16
84%
Yemen -19
84%
Egypt -14
82%
Libya -16
82%
Nigeria -17
80%
Qatar -16
80%
Somalia -18
79%
Russia -17
77%
Morocco -14
74%
Uganda -18
68%
Kuwait -16
65%
Tunisia -14
65%
Ethiopia -14
63%
South Sudan -14
55%
Malaysia -15
50%
Turkmenistan -14
49%
Tanzania -15
48%
Brunei -14
45%
Malawi -14
26%
No matching quizzes found
Score Distribution
Percent of People with Each Score
Percentile by Number Answered
Your Score History
You have not taken this quiz